| 000 | 01372nam0a22003131 4500 | ||
|---|---|---|---|
| 001 | rc\3723332 | ||
| 005 | 20250610113108.0 | ||
| 021 |
_aRU _b[72-87270] |
||
| 035 | _a(NLR Aleph) 007879324 | ||
| 090 |
_a7907897 _c7907897 |
||
| 100 | _a20130115d1972 |||y0rusy50 ca | ||
| 101 | 1 |
_arus _cara |
|
| 102 | _aRU | ||
| 105 | _ay z |||a| | ||
| 200 | 1 |
_aДобрейшие люди _eРассказы _eПер. с араб. |
|
| 210 |
_aМосква _cПравда _d1972 |
||
| 215 |
_a48 с. _d16 |
||
| 225 | 1 |
_aБиблиотека "Огонек" _v№ 19 |
|
| 300 | _aПеред загл. авт.: Юсеф эс-Сибаи | ||
| 327 | 1 | _aСодерж.: Шейх Зуараб; Самородок из квартала аль-Мида; Секина; Луч на дороге; Добрейшие люди; В Сиди аль-Хабиби | |
| 464 | 0 |
_12001#$aШейх Зуараб$aСамородок из квартала аль-Мида$aСекина$aЛуч на дороге$aДобрейшие люди$aВ Сиди аль-Хабиби _tВ Сиди аль-Хабиби |
|
| 700 | 1 |
_aСибаи _bЮ. эль _f1917-1978 _gЮсеф эль |
|
| 790 | 1 |
_aэль-Сибаи _bЮ. _f1917-1978 _gЮсеф |
|
| 790 | 1 |
_aэс-Сибаи _bЮ. _f1917-1978 _gЮсеф |
|
| 801 | 0 |
_aRU _bNLR _gpsbo |
|
| 801 | 1 |
_aRU _bELAR _2rusmarc |
|
| 852 |
_aNLR _j72-2/2130 |
||
| 942 | _cBOOK | ||
| 980 | _aNB | ||